<?xml version="1.0" encoding="UTF-8"?>
<record
    xmlns:xsi="http://www.w3.org/2001/XMLSchema-instance"
    xsi:schemaLocation="http://www.loc.gov/MARC21/slim http://www.loc.gov/standards/marcxml/schema/MARC21slim.xsd"
    xmlns="http://www.loc.gov/MARC21/slim">

  <leader>02413cam a2200289 i 4500</leader>
  <controlfield tag="001">991107471919706196</controlfield>
  <controlfield tag="005">20260121103752.0</controlfield>
  <controlfield tag="008">240721t20252025enka     b    001 0 eng d</controlfield>
  <datafield tag="020" ind1=" " ind2=" ">
    <subfield code="a">9781836084570</subfield>
    <subfield code="q">paperback</subfield>
  </datafield>
  <datafield tag="035" ind1=" " ind2=" ">
    <subfield code="a">(OCoLC)1446794184</subfield>
  </datafield>
  <datafield tag="035" ind1=" " ind2=" ">
    <subfield code="a">(OCoLC)on1446794184</subfield>
  </datafield>
  <datafield tag="040" ind1=" " ind2=" ">
    <subfield code="a">YDX</subfield>
    <subfield code="b">eng</subfield>
    <subfield code="e">rda</subfield>
    <subfield code="c">YDX</subfield>
    <subfield code="d">OCLCO</subfield>
    <subfield code="d">BDX</subfield>
    <subfield code="d">YDX</subfield>
  </datafield>
  <datafield tag="041" ind1=" " ind2=" ">
    <subfield code="a">English</subfield>
  </datafield>
  <datafield tag="050" ind1=" " ind2="4">
    <subfield code="a">HD53</subfield>
    <subfield code="b">.T76 2025</subfield>
  </datafield>
  <datafield tag="100" ind1=" " ind2=" ">
    <subfield code="a">Trompenaars, Alfons,</subfield>
    <subfield code="e">author.</subfield>
    <subfield code="9">25487</subfield>
  </datafield>
  <datafield tag="245" ind1="1" ind2="0">
    <subfield code="a">New approaches to creating a culture of innovation </subfield>
    <subfield code="c">/ by Fons Trompenaars and Peter Woolliams.</subfield>
  </datafield>
  <datafield tag="250" ind1=" " ind2=" ">
    <subfield code="a">First edition.</subfield>
  </datafield>
  <datafield tag="264" ind1=" " ind2="1">
    <subfield code="a">United Kingdom :</subfield>
    <subfield code="b">Emerald Publishing,</subfield>
    <subfield code="c">2025.</subfield>
  </datafield>
  <datafield tag="300" ind1=" " ind2=" ">
    <subfield code="a">ix, 93 pages ;</subfield>
    <subfield code="c">23 cm.</subfield>
  </datafield>
  <datafield tag="490" ind1="0" ind2=" ">
    <subfield code="a">The new business culture series</subfield>
  </datafield>
  <datafield tag="504" ind1=" " ind2=" ">
    <subfield code="a">Includes bibliographical references and index.</subfield>
  </datafield>
  <datafield tag="520" ind1=" " ind2=" ">
    <subfield code="a">In an era marked by the dominance of a few corporate giants, and the ease of replicating ideas at minimal costs, the imperative for organisations of all sizes to continually innovate has become paramount. Faced with this reality, CEOs increasingly perceive innovation as the key to fostering organic growth and enhancing brand equity. Rather than confining innovation to product or process development, business leaders are pivoting towards innovative business model differentiation as a cornerstone of success.

New Approaches to Creating a Culture of Innovation offers fascinating insights into how companies can embrace innovation and make it work for them at both a personal and company level. Drawing on extensive market research, business gurus Fons Trompenaars and Peter Woolliams outline effective innovation strategies that can be implemented at scale.

This original work will appeal to specialists in all areas of management and leadership, HR professionals giving support to the development of individuals and teams, leaders involved in changing their corporate culture, employees wanting to exert their creativity, and business studies students at both undergraduate and MBA levels. Purchase of this book includes exclusive access to app-based content, enabling readers to explore the application of specific concepts in further detail.</subfield>
  </datafield>
  <datafield tag="650" ind1=" " ind2="0">
    <subfield code="a">Creative ability in business</subfield>
    <subfield code="9">4129</subfield>
  </datafield>
  <datafield tag="650" ind1=" " ind2="0">
    <subfield code="a">Business enterprises</subfield>
    <subfield code="x">Technological innovations</subfield>
    <subfield code="9">3387</subfield>
  </datafield>
  <datafield tag="700" ind1=" " ind2=" ">
    <subfield code="a">Woolliams, Peter,</subfield>
    <subfield code="e">author.</subfield>
    <subfield code="1">https://id.oclc.org/worldcat/entity/E39PCjxJqwKvFfRG8fk7xwyG9C</subfield>
    <subfield code="9">25488</subfield>
  </datafield>
  <datafield tag="942" ind1=" " ind2=" ">
    <subfield code="2">lcc</subfield>
  </datafield>
  <datafield tag="952" ind1=" " ind2=" ">
    <subfield code="0">0</subfield>
    <subfield code="1">0</subfield>
    <subfield code="2">lcc</subfield>
    <subfield code="4">0</subfield>
    <subfield code="7">0</subfield>
    <subfield code="a">TBS</subfield>
    <subfield code="b">TBS</subfield>
    <subfield code="d">2025-06-17</subfield>
    <subfield code="l">0</subfield>
    <subfield code="o">HD53 TRO</subfield>
    <subfield code="p">B05833</subfield>
    <subfield code="r">2025-06-17</subfield>
    <subfield code="t">1</subfield>
    <subfield code="w">2025-06-17</subfield>
    <subfield code="y">1</subfield>
  </datafield>
  <datafield tag="999" ind1=" " ind2=" ">
    <subfield code="c">4757</subfield>
    <subfield code="d">4757</subfield>
  </datafield>
</record>
